Dog problems : the gentle modern cure

Bibliographic Details
Main Author: WESTON, David
Other Authors: ROSS, Ruth
Format: Book
Published: Victoria : Hyland Home Publishing , 1992
Subjects:

MARC

LEADER 00000cam a2200000 7i4500
001 0000002508
002 000002732
005 20000330.0
020 |a 0947062955 
090 0 0 |a 636.70887   |b WES 
100 1 |a WESTON, David 
245 1 0 |a Dog problems :   |b the gentle modern cure   |c David Weston and Ruth Ross 
260 |a Victoria :   |b Hyland Home Publishing ,   |c 1992 
300 |a 142p. :   |b ill ;   |c 1993. 
650 0 0 |a Dogs   |x Behavior 
700 1 |a ROSS, Ruth 
999 |a 036214   |b BUKU   |c RUJUKAN   |e PERPUSTAKAAN KOMUNITI PETALING JAYA